000 00559nam a2200193Ia 4500
005 20250326141209.0
008 250326s9999 xx 000 0 und d
020 _a81-7240-075-6
037 _aTextbook
040 _aFMSL
_beng
_cFMSL
041 _aeng
_2eng
084 _aX:97 N5
_qFMSL
100 _aJoseph J
_9743914
245 0 _aIndustrial relations: Towards a transformational process model
_cJoseph J
260 _aNew Delhi
_bNew Delhi, Tata-McGraw Hill
_c1995
300 _a231p
942 _cTB
_hX:97 N5
999 _c1289171
_d1289171